000 01172nam a22003497a 4500
003 CHAP
005 20220329141526.0
008 971013s1992 r 00010 d
010 _a69595
011 _a70567
035 _a80048
040 _cCHAP
090 _aTesis
100 0 0 _aMedina Silva, Guillermo.
_974034
245 _aEvaluación del rendimiento de semilla y calidad del forraje de kochia(Kochia scoparia (L.) Schrad) en un suelo salino
260 _aChapingo, Méx. :
_bEl autor,
_c1992
300 _a62 h.
_b; gráfs.
500 _a61-170
502 _aTesis (Ing. Agr. Esp. en Zootecnia) -- UACH. Departamento de Zootecnia
590 _aALEPH
_b10
_c20130110
_lUCH01
_h1408
590 _aBATCH-UPD
_b10
_c20130110
_lUCH01
_h1855
590 _aBATCH-UPD
_b10
_c20130410
_lUCH01
_h1224
590 _aBATCH-UPD
_b10
_c20130914
_lUCH01
_h1431
590 _aCONVERSION
_b10
_c20130109
_lUCH01
_h1338
650 1 4 _aForrajes
_xRendimiento.
_942593
650 1 4 _aKochia scoparia.
_963592
650 1 4 _aSuelos salinos.
_9110558
700 0 _aLópez Sánchez, Gelacio.
_968349
901 _aBK
942 _cTESIS
949 _bBC
_cTES
_d-32943
_eTS1
_h25547
_i80048
_si
999 _c69595
_d69595